00646nam a22001577a 450000500170000001000150001702000260003203500140005803700090007208200110008124500940009226000650018627001160025130000530036770000680042020250808111954.0 aHIN-130208 a9788190208680c800.00 aHN-102554 bDBAD a808.88 aकहावतकोशc आर एस रमन-संपादक द्वारा  aदिल्ली bनिधि बुक सेंटर  a3421-अ, द्वितीय ताल, नारंग कालोनी bनयी दिली e110035 a444पृ.c23सेमी (सजिल्द ) aरमन,आर एस -संपादक द्वारा